000 00445nam a22001577a 4500
003 SGT
020 _a8788183989783
082 _a428,GUP
100 _aGUPTA, RAJHANS
245 _aTHE ESSENTIALS OF COMMUNICATION
260 _aNEW DELHI
_bPRAGATI PRAKASHAN
_c2010
300 _a390
650 _aENGLISH
653 _aVOCABULARY AND USE OF WORDS, SENTENCE STRUCTURES VERB PATTERNS,SPEECH MECHANISM &PHONETIC TRANSCRIPTION
942 _2ddc
_cBK
999 _c9728
_d9728